01124nam a22002177a 4500003000400000005001700004008004100021020001900062082001900081100001100100245006400111250000800175260002600183300002600209490001900235520025800254942001600512952015600528952020700684999001500891OSt20260429121120.0260429b |||||||| |||| 00| 0 eng d a 9789962040163 2 9789962040163 a Lexus aManos Creativas bBijouterie - caritas pintadas - bordados  a1ra b Lexus Editoresc2013 a177 pagc19.5 x 15.5  3cubierta dura  al Tomo 2 de la colección Manos Creativas es el volumen dedicado íntegramente al adorno personal y la moda artesanal. Se enfoca en dos grandes áreas: la creación de accesorios desde cero ( Bijouterie ) y la ornamentación de textiles (Bordados). 2ddccBKAn0 00102ddc40708F02aISUSbISUScBiblioteca Abiertad2026-04-29eGUIAf0505i0505l0oEducaciónpBIBLIO0505r2026-04-29 12:12:40t1w2026-04-29yBKA 00102ddc40708F02aISUSbISUScBiblioteca Abiertad2026-04-29eGUIAf0506i0506l0oEducaciónpBIBLIO0506r2026-04-29 12:14:36t1w2026-04-29yBKAzMANOS CREATICAS , Velas , tie dye , jabones etc  c2086d2086